Who is this man? : (Record no. 8615)

MARC details
000 -LEADER
fixed length control field 01977cam a2200361 a 4500
001 - CONTROL NUMBER
control field 14621250
003 - CONTROL NUMBER IDENTIFIER
control field GBCCL
005 - DATE AND TIME OF LATEST TRANSACTION
control field 20241126110654.0
008 - FIXED-LENGTH DATA ELEMENTS--GENERAL INFORMATION
fixed length control field 061102s2006 enk b 100 0 eng d
010 ## -
-- 2006299312
020 ## - INTERNATIONAL STANDARD BOOK NUMBER
International Standard Book Number 0826481574 (pbk.)
020 ## - INTERNATIONAL STANDARD BOOK NUMBER
International Standard Book Number 9780826481573
035 ## - SYSTEM CONTROL NUMBER
System control number (OCoLC)ocm71332905
040 ## - CATALOGING SOURCE
Original cataloging agency GHS
Transcribing agency GHS
Modifying agency BAKER
-- YDXCP
-- DLC
042 ## -
-- lccopycat
050 00 -
-- BT203
-- .S52 2006
082 00 - DEWEY DECIMAL CLASSIFICATION NUMBER
Classification number 230.3
Edition information 22
Item number WHO
110 2# - MAIN ENTRY--CORPORATE NAME
Corporate name or jurisdiction name as entry element Society of the Holy Cross.
Subordinate unit International Synod
Date of meeting or treaty signing (2005 :
Location of meeting St. Alban the Martyr, Holborn)
9 (RLIN) 15201
245 10 - TITLE STATEMENT
Title Who is this man? :
Remainder of title Christ in the renewal of the church /
Statement of responsibility, etc. edited by William Davage and Jonathan Baker.
246 30 -
-- Christ in the renewal of the church
260 ## - PUBLICATION, DISTRIBUTION, ETC.
Place of publication, distribution, etc. London ;
-- New York :
Name of publisher, distributor, etc. Continuum,
Date of publication, distribution, etc. 2006.
300 ## - PHYSICAL DESCRIPTION
Extent xiv, 130 p. ;
Dimensions 22 cm.
500 ## - GENERAL NOTE
General note Addresses from the Conference and International Synod of the Society of the Holy Cross held in Apr. 2005.
504 ## - BIBLIOGRAPHY, ETC. NOTE
Bibliography, etc. note Includes bibliographical references.
505 0# - FORMATTED CONTENTS NOTE
Formatted contents note To what end are we made? / Archbishop of Canterbury -- All for Jesus / Keith Newton -- Architecture of the priesthood / Barry Swain -- Consecration, conherence, catholicity / Andrew Burnham -- Anglicans, ARCIC and ecclesiology / Christopher Hill -- Anglicans, ARCIC and ecclesiology / Mary Tanner -- Pope John Paul II : reflections on a life / Christopher Hill -- Learning from the arts / David Brown and Ann Loades -- "Do you love me?" / Philip North -- Evangelization and mission / Paul Richardson -- Bluh, bluh! hail, rejoice! / Philip North -- Stand up for Jesus / David Houlding -- Be still and know that I am God / Andrew Sloane.
600 00 - SUBJECT ADDED ENTRY--PERSONAL NAME
Personal name Jesus Christ.
9 (RLIN) 89
650 #0 - SUBJECT ADDED ENTRY--TOPICAL TERM
Topical term or geographic name entry element Church renewal.
9 (RLIN) 963
700 1# - ADDED ENTRY--PERSONAL NAME
Personal name Davage, William.
9 (RLIN) 15202
700 1# - ADDED ENTRY--PERSONAL NAME
Personal name Baker, Jonathan,
Titles and other words associated with a name SSC.
9 (RLIN) 15203
906 ## - LOCAL DATA ELEMENT F, LDF (RLIN)
a 7
b cbc
c copycat
d 2
e ncip
f 20
g y-gencatlg
942 ## - ADDED ENTRY ELEMENTS (KOHA)
Source of classification or shelving scheme Dewey Decimal Classification
Koha item type Books
Holdings
Withdrawn status Lost status Source of classification or shelving scheme Damaged status Not for loan Home library Current Library Shelving location Date acquired Total checkouts Full call number Barcode Date last seen Copy number Price effective from Koha item type
    Dewey Decimal Classification     GRACE BIBLE COLLEGE GRACE BIBLE COLLEGE Theology 2021-05-06   230.3 WHO 020252 2025-05-01 c.1 2021-05-06 Books
© Grace Bible College Library 2025